| 000 | 00961cam a22002891i 4500 | ||
|---|---|---|---|
| 008 | 760427s1966 fr 000 0 fre | ||
| 010 | _a 67085774 | ||
| 040 |
_aDLC _cODaU _dDLC _cEG-GiCUC |
||
| 050 | 0 | 0 |
_aB2430.T373 _bH9 1966 |
| 082 | _a210/.8 | ||
| 092 | 0 | 4 |
_a273.52 _bT264 _221 |
| 099 |
_a04 _a273.52 T264 |
||
| 100 | 0 | _aTeilhard de Chardin, Pierre | |
| 245 | 1 | 0 |
_aHymne de l'univers.: _bLa Messe sur le monde. Trois histoires comme Benson. La Puissance spirituelle de la matiere. Pensees choisies par Fernande Tardivel./ _cPierreTeilhard de Chardin |
| 260 |
_aParis: _bEditions du Seuil, _c1966. |
||
| 300 |
_a169 p.; _c18 cm. |
||
| 490 | 0 |
_aLivre de vie ; _v61-62 |
|
| 500 | _aCover illustrated in color. | ||
| 650 | 0 | _aCosmology. | |
| 650 | 0 | _aCreation. | |
| 650 | 0 |
_aMysticism _xCatholic Church. |
|
| 902 | _a1 | ||
| 905 |
_aGhada _eCat. |
||
| 905 |
_aJihan _eRev |
||
| 942 |
_2ddc _cBK |
||
| 999 |
_c154301 _d154301 |
||